000 00438nam a2200181Ia 4500
005 20250423100814.0
008 250422s9999 xx 000 0 und d
020 _a9780340662267
050 _aH 61 .N25/
100 _aFrankfort-Nachmias, Chava
245 0 _aResearch methodology in the social sciences
250 _a5th ed.
260 _aLondon
260 _bHodder Education
260 _c2009
300 _a600 p
942 _cBK
999 _c34392
_d34392